000 01316nam a2200349 c 4500
003 BLK
005 20250505102927.0
008 180409b bul|||||r ||||||| ||bul||
010 _aKNG00104181000
020 _a954-733-286-4
_bиздат.: Прозорец
040 _aBLK
041 _aBUL
_cBUL
080 _aАмериканска литература (на САЩ)
_b821.111(73)
_x-312.4
_z821.111(73)-312.4
100 1 _aЛъдлъм, Робърт
_eпърви автор
_9241671
700 1 _aМиланова, Йолина Антонова
_9363658
139 _aЛъдлъм, Робърт
_bЛ 93
245 1 0 _aПарижкият вариант
_bРоман
_cРобърт Лъдлъм; прев. Йолина Миланова.
257 _aUSA
260 София
_bПрозорец
_c2002
_fСофия : Инвестпрес
300 _a399 с.
_c20 см
380 _aX
490 1 _aКолекция Робърт Лъдлъм
500 _aОриг. загл. The Paris Option / Robert Ludlum. - Офс. изд.
653 _aромани
653 _aтрилъри
852 _aЦб 213109
856 4 _qpdf
_u
856 4 _qpdf
_u
942 _cKNG
_n0
_070
944 _aCR
_c01.01.2002
_lРадостина Карадакова
_k30534
944 _aED
_c15.01.2014
_lф /
_k
999 _c99182
_d99182